HOTEL AND FOOD SERVICE MARKETING (Record no. 229544)

MARC details
000 -LEADER
fixed length control field 00374pam a2200157 a 4500
020 ## - INTERNATIONAL STANDARD BOOK NUMBER
Terms of availability
041 ## - LANGUAGE CODE
Language code of original
082 ## - DEWEY DECIMAL CLASSIFICATION NUMBER
Classification number 647.940688
100 ## - MAIN ENTRY--PERSONAL NAME
Personal name BUTTLE FRANCIS
Relator term Author
245 ## - TITLE STATEMENT
Title HOTEL AND FOOD SERVICE MARKETING
Statement of responsibility, etc. BUTTLE FRANCIS
Medium Textual Documents
260 ## - PUBLICATION, DISTRIBUTION, ETC.
Place of publication, distribution, etc. London
Name of publisher, distributor, etc. CASELL Edu
300 ## - PHYSICAL DESCRIPTION
Extent 414
653 ## - INDEX TERM--UNCONTROLLED
Uncontrolled term Food services
700 ## - ADDED ENTRY--PERSONAL NAME
Relator term Co-Author
930 ## - EQUIVALENCE OR CROSS-REFERENCE-UNIFORM TITLE HEADING [LOCAL, CANADA]
Uniform title 2143
Holdings
Withdrawn status Lost status Damaged status Not for loan Collection Home library Current library Date acquired Source of acquisition Cost, normal purchase price Total Checkouts Full call number Barcode Date last seen Date last checked out Copy number Price effective from Koha item type
          Institute of Hotel Management & Catering Technology, Pune Institute of Hotel Management & Catering Technology, Pune 01/03/1994 The International book services, Pune 198.00 1 647.940688 HMP-DIP-146 11/09/2023 04/09/2023 1 07/03/2023 Book